[Event "Africa-ch U2000"]
[Site "Mombasa"]
[Date "2022.11.30"]
[Round "6"]
[White "Haidar, Fadol"]
[Black "Elrashed, Siddig"]
[Result "0-1"]
[WhiteElo "1743"]
[BlackElo "1913"]
[PlyCount "107"]
[EventDate "2022.11.27"]
[EventType "swiss"]
[EventRounds "9"]
[EventCountry "KEN"]
[SourceTitle "EXT 2024"]
[Source "ChessBase"]
[SourceDate "2023.10.10"]
[SourceVersion "1"]
[SourceVersionDate "2023.10.10"]
[SourceQuality "1"]

1. e4 c5 2. d4 cxd4 3. c3 dxc3 4. Nxc3 Nc6 5. Nf3 a6 6. Bc4 e6 7. Bf4 Bb4 8. Rc1 Nge7 9. 0-0 0-0 10. Bd6 Bxd6 11. Qxd6 Kh8 12. Rfd1 b5 13. Bd3 Bb7 14. Bb1 Nb8 15. Ne5 Nc8 16. Qd3 d6 17. Ne2 Qe7 18. Nf3 g6 19. h4 Nd7 20. Rc7 Rb8 21. Rdc1 Qd8 22. Ng5 h6 23. Nf3 Nc5 24. Qe3 Kh7 25. Rxb7 Nxb7 26. h5 e5 27. hxg6+ fxg6 28. Nc3 Ne7 29. Kh2 Rc8 30. Rh1 Kg7 31. g3 Nc5 32. Kg2 Rh8 33. a3 Nd7 34. Nd5 Nxd5 35. exd5 Nf6 36. Nh4 e4 37. Bxe4 Qe7 38. f3 Rc2+ 39. Kh3 Nxe4 40. fxe4 Rc4 41. Re1 Re8 42. Qb6 Qd7+ 43. Kh2 Rexe4 44. Rxe4 Rxe4 45. Qxa6 Re2+ 46. Ng2 Rxb2 47. Qb6 Kh7 48. a4 h5 49. a5 Ra2 50. a6 Rc2 51. a7 Ra2 52. Qb8 Rxa7 53. Nf4 Ra2+ 54. Kh1 0-1